Les Frites - Statistiques

Statistiques générales
  • Ce quiz a été pris 235 fois
  • Le résultat moyen est 8 sur 15
Statistiques - réponses
Question Réponse % Correct
En Belgique et dans le nord de la France on parle d'une Baraque à frites
89%
Les Américains appellent nos frites des French fries
83%
Quelle marque est leader de la frite surgelée en France ? McCain
81%
Pendant la grande braderie de Lille on associe les frites à des moules
77%
Une bonne frite doit être cuite en plusieurs fois, mais combien ? 2
74%
Quand elles ne se mangent pas, où sont les frites ? dans une piscine
72%
En Belgique et dans le nord de la France on dit qu'il faut cuire les frites... dans du gras de boeuf
70%
Frites, fromage, sauce brune c'est la poutine
64%
Pour faire des frites, mieux vaut choisir des pommes de terre Bintje
55%
Comment se nom le lieu où Dany Boon et Kad Merad mangent des frites dans Bienvenue chez les Chtis Chez Momo
47%
Qui a chanté Là où il y a des frites ! Georgette Plana
38%
On peut visiter un musée de la frite à Bruges
30%
Dans quel pays consomme-t-on le plus de frites ? Belgique
23%
9 des 10 meilleures friteries de France se trouvent dans le Nord ou le Pas-de-Calais en 2022 mais où est la 10e ? en Haute-Marne
21%
Comment ne peut-on pas appeler un fabricant-vendeur de frites ? Fritiste
21%
Aucun quiz correspondant
Distribution des résultats
% des personnes avec chaque résultat
Percentile par nombre de réponses
Votre historique - résultats
Vous n’avez pas pris ce quiz